Alice's adventure in Wonderland

Bibliographic Details
Other Authors: Couri, Kathryn A. (illustrated by)
Format: Book
Published: s.l. : Troll Associates , 1990
Subjects:

MARC

LEADER 00000cam a2200000 7i4500
001 0000001068
002 000001182
005 20000330.0
020 |a 0816718628 
090 0 0 |a JF   |b CAR 
245 1 0 |a Alice's adventure in Wonderland   |c Lewis Carroll ; illustrated by Kathryn A.Couri 
260 |a s.l. :   |b Troll Associates ,   |c 1990 
300 |a 48p. :   |b ill ;   |c 28cm. 
650 0 0 |a Children's stories 
700 0 |a Couri, Kathryn A. ,   |e illustrated by 
999 |a 031600   |b BUKU   |c PINJAMAN   |e PERPUSTAKAAN KOMUNITI PETALING JAYA